| 000 | 00651nam a22001935i 4500 | ||
|---|---|---|---|
| 001 | 54092 | ||
| 003 | ES-MaACL | ||
| 005 | 20230906162909.0 | ||
| 007 | t| | ||
| 008 | 960710s1878 fr ||||1| fre d | ||
| 040 |
_aCAM _bspa _cCAM |
||
| 100 | 1 |
_aFerrier, David. _950570 |
|
| 245 | 1 | 4 |
_aLes fonctions du cerveau / _cpar David Ferrier ; traduit de l'anglais par Henri C. de Varigny. |
| 260 |
_aParis : _bLibrairie Germer Baillière et Cie, _c1878 ( _fTypographie Lahure) |
||
| 300 |
_aVIII, 519 p. ; _c23 cm. |
||
| 650 | 4 |
_aCerebro- _xFisiología. _910904 |
|
| 700 | 1 |
_aVarigny, Henry Crosnier de ( _d1855-1934?) _9157468 |
|
| 852 |
_aES-MaACL _jF-13315 |
||
| 999 |
_c54092 _d54092 |
||